000 01322nam a22003015i 4500
001 153911
003 ES-MaACL
005 20230906205430.0
008 900703s1885 sp c |||| | spa d
040 _aCAT
_bspa
_cCAT
_dCCPB
080 4 _a017
080 4 _a34
110 1 _aEspaña.
_bMinisterio de Gracia y Justicia.
_bBiblioteca.
_9171506
245 1 0 _aCatálogo de la biblioteca
_b: formado en virtud de acuerdo de la Comisión Permanente de Legislación Extranjera /
_cpor los auxiliares Rafael de Gracia y Parejo y Valentin Torrecilla y Quiñones.
260 _aMadrid :
_b[s.n.],
_c1885 (
_fImprenta del Ministerio de Gracia y Justicia)
300 _aXVI, 308 p. ;
_c24 cm.
504 _aÍndice.
594 1 _aPrecede al tít.: Ministerio de Gracia y Justicia.
610 1 4 _aEspaña.
_bMinisterio de Gracia y Justicia.
_bBiblioteca-
_vCatálogos.
_9171507
650 4 _aDerecho-
_xBibliografías-
_xCatálogos.
_9222148
700 1 _aGracia y Parejo, Rafael de,
_eed. lit.
_9127515
700 1 _aTorrecilla y Quiñones, Valentín,
_eed. lit.
_9133317
710 2 _aComisión Permanente de Legislación Extranjera (Madrid)
_9134279
710 1 _aEspaña.
_bMinisterio de Gracia y Justicia.
_93873
752 _aEspaña -
_dMadrid
852 _aES-MaACL
_jB-4430
_z-- Enc. hol.
999 _c153911
_d153911